000 00746nam a22002057a 4500
003 OSt
005 20251009022304.0
008 251009b |||||||| |||| 00| 0 eng d
020 _a9786218179141
040 _aDWCL-Main lib
_cOC
082 _aFil. 647.94 A678q 2022
100 _aArenas, Chester Dave G.
245 _aQuality Service Management in Tourism and Hospitality/
_cChester Dave G. Arenas
260 _a Manila, Philippines :
_b EDRIC Publishing House
_cc2022.
300 _a91 pages :
_b illustrations ;
_c 25cm.
504 _aIncludes bibliographical references
650 _a1. Hospitality industry-- Costumer services-- management
650 _a2. Tourism-- Costumer services -- Management
942 _2ddc
_cBK - FIL
_kFil.
_n0
999 _c4750
_d4750